Statistics for Nations Represented by the College of Cardinals

Click here to take the quiz!

General Stats

  • This quiz has been taken 348 times
    (335 since last reset)
  • The average score is 52 of 66

Answer Stats

# of Cardinals Nation % Correct
49Italy
100%
10Spain
100%
18United States
99%
4Argentina
98%
4Mexico
97%
8France
97%
10Brazil
97%
10Germany
96%
4Canada
96%
3United Kingdom
96%
6Poland
94%
2Australia
93%
3Colombia
93%
2Portugal
92%
5India
91%
3Chile
91%
1Austria
90%
1Venezuela
89%
1South Africa
89%
1Belgium
88%
2Ireland
88%
1Peru
88%
2Netherlands
86%
1Bolivia
85%
1New Zealand
85%
4Switzerland
85%
2Slovakia
84%
2Hungary
84%
4Philippines
84%
1Slovenia
83%
2Czech Republic
83%
3Nigeria
83%
1Croatia
83%
1Cuba
81%
1Ecuador
81%
1Democratic Republic of the Congo
81%
1Kenya
80%
1Indonesia
80%
2Nicaragua
77%
1Honduras
77%
1Romania
76%
1Egypt
75%
2South Korea
72%
1Thailand
71%
2Ukraine
71%
1Vietnam
70%
1Ghana
70%
1Haiti
69%
1Lithuania
69%
1Dominican Republic
68%
1Tanzania
66%
1Latvia
66%
1Uganda
66%
1Mozambique
65%
1Angola
65%
1Malta
64%
1Bosnia & Herzegovina
64%
1Côte d'Ivoire
60%
2Lebanon
58%
1Cameroon
58%
1Senegal
56%
1Sudan
51%
1Guinea
50%
1Sri Lanka
49%
1Burkina Faso
38%
1St. Lucia
32%

Score Distribution

Percentile by Number Answered

Percent of People with Each Score

Your Score History

You have not taken this quiz since the last reset